Hétfőtől bezár a szegedi kórház nőgyógyászati osztálya Mindenórás szülészet
Elmentve itt :
| Dokumentumtípus: | Cikk |
|---|---|
| Megjelent: |
2007-10-04
|
| Sorozat: | Délmagyarország
97 No. 232 |
| Kulcsszavak: | Szülészeti- és Nőgyógyászati Klinika, Kórház integrációja, 2007 |
| Online Access: | http://dmarchiv.bibl.u-szeged.hu/127482 |
| LEADER | 00526nab a2200145 i 4500 | ||
|---|---|---|---|
| 001 | delm127482 | ||
| 005 | 20191218112332.0 | ||
| 008 | 191218s2007 hu o 0|| hun d | ||
| 040 | |a SZTE Délmagyarország Archívum |b hun | ||
| 041 | |a hun | ||
| 245 | 0 | 0 | |a Hétfőtől bezár a szegedi kórház nőgyógyászati osztálya |h [elektronikus dokumentum] : |b Mindenórás szülészet |
| 260 | |c 2007-10-04 | ||
| 300 | |a 1, 5 | ||
| 490 | 0 | |a Délmagyarország |v 97 No. 232 | |
| 695 | |a Szülészeti- és Nőgyógyászati Klinika, Kórház integrációja, 2007 | ||